00627 2200229 4500001002100000005001700021008004100038020001800079035002500097040001200122082001400134090002300148100001900171245005500190250001100245260003100256300002800287500002600315650002700341850001200368990001700380YOGYA-0209000003584020150706083929.0 ind  a979-672-677-7 a0010-020900000035840 aYOPDYOG a633.88439 aT 633.88439bPit T aPitoyo, Setiyo aTalesom :bsayuran berkasiat obat /cSetiyo Pitoyo aCet. 1 aYogyakartabKanisiusc2000 a48 hlm :bilus ;c21 cm aBibliografi : hlm. 48 aTalesom - Tanaman obat aYOPDYOG a2586-PN/P.01